WINSTON CHURCHILL CEO 25 LESSONS FOR BOL (Record no. 31357)

MARC details
000 -LEADER
fixed length control field 00319nam a2200133Ia 4500
008 - FIXED-LENGTH DATA ELEMENTS--GENERAL INFORMATION
fixed length control field 240624s9999 xx 000 0 und d
041 ## - LANGUAGE CODE
Language code of text/sound track or separate title eng
082 ## - DEWEY DECIMAL CLASSIFICATION NUMBER
Classification number 658.4092 AXE
100 ## - MAIN ENTRY--PERSONAL NAME
Personal name AXELROD ALAN
245 ## - TITLE STATEMENT
Title WINSTON CHURCHILL CEO 25 LESSONS FOR BOL
260 ## - PUBLICATION, DISTRIBUTION, ETC.
Date of publication, distribution, etc. 2009
Name of publisher, distributor, etc. Sterling
300 ## - PHYSICAL DESCRIPTION
Extent 288 p.
365 ## - TRADE PRICE
Currency code
Price amount 25
Holdings
Withdrawn status Lost status Damaged status Not for loan Home library Current library Shelving location Date acquired Full call number Barcode Date last seen Copy number Price effective from Koha item type
        IMTN IMTN Rack 30-B 10/18/2018 658.4092 AXE 31357 06/24/2024 75.8 06/24/2024 Books
Designed & Maintained by: LRC IMT Nagpur Contact: lrc@imtnag.ac.in© 2024. All Rights Reserved.